000 00537 a2200205 4500
001 131110
003 OSt
005 20210907171918.0
008
082 _a301.310973
_bH19E
100 1 _aHanley, Nick
245 1 _aEnvironmental economics
_cby Nick Hanley, Jason F. Shogren and Ben White
250 _a2nd ed.
260 _aUk
_bPalgrave macmillan
_c2009
300 _a459p.
690 _aEnvironmental economics
700 _aShogren, Jason F.
700 _aWhite, Ban
942 _2ddc
_cBK
999 _c5646
_d5646